000
00333 a2200157 4500
001
155283
040
_c
Escola São Tomás de Aquino
100
_a
DANTE, Luiz Roberto
240
1
0
_a
Projeto ápis
_l
por
245
1
0
_a
Projeto ápis
300
_a
240
362
0
_a
2014
440
1
_a
Ática
697
_a
MATEMÁTICA
942
_c
BK
999
_c
155283
_d
155283